000
00298nam a22001217a 4500
008
230619b xxu||||| |||| 00| 0 eng d
082
_a
305.8
_b
SEL
100
_c
C.G. Seligman
245
_a
The Home University
260
_a
London
_b
Oxford University Press
_c
1957
300
_a
236p
942
_2
ddc
_c
BK
999
_c
1438
_d
1438